000 00373nam a2200169Ia 4500
001 4034
003 IN-NITTTR
005 20251114232954.0
008 251113s9999||||xx |||||||||||||| ||eng||
040 _beng
040 _cIN-NITTTR
041 _aeng
082 _a510 V82E
100 _aVishwanath,
245 0 _aEngineering Mathematics. /
_cVishwanath
942 _2ddc
_cBK
999 _c6501
_d6501